[Event "Women's Baku Chess Olympiad"]
[Site "chess24.com"]
[Date "2016.09.12"]
[Round "10"]
[White "Zimina, Olga"]
[Black "Frayna, Janelle Mae"]
[Result "0-1"]
[Board "1"]
[WhiteID "4132190"]
[WhiteElo "2389"]
[WhiteTitle "IM"]
[WhiteCountry "ITA"]
[WhiteFideId "4132190"]
[WhiteEloChange "-13"]
[BlackID "5212499"]
[BlackElo "2281"]
[BlackTitle "WIM"]
[BlackCountry "PHI"]
[BlackFideId "5212499"]
[BlackEloChange "13"]

1. Nf3 {[%clk 1:30:55]} d5 {[%clk 1:30:09]} 2. g3 {[%clk 1:31:17]} c6 {[%clk
1:30:10]} 3. Bg2 {[%clk 1:31:41]} Bg4 {[%clk 1:30:22]} 4. O-O {[%clk 1:31:29]} e6
{[%clk 1:29:38]} 5. d3 {[%clk 1:31:53]} Nd7 {[%clk 1:29:57]} 6. Nbd2 {[%clk
1:32:00]} Bd6 {[%clk 1:28:44]} 7. h3 {[%clk 1:31:56]} Bh5 {[%clk 1:27:09]} 8. Qe1
{[%clk 1:32:20]} Ne7 {[%clk 1:25:00]} 9. e4 {[%clk 1:32:21]} O-O {[%clk 1:18:38]}
10. b3 {[%clk 1:26:12]} e5 {[%clk 1:11:39]} 11. Bb2 {[%clk 1:22:04]} Re8 {[%clk
1:08:25]} 12. Nh4 {[%clk 1:18:32]} f6 {[%clk 1:07:54]} 13. Kh1 {[%clk 1:16:31]}
a5 {[%clk 1:04:58]} 14. a3 {[%clk 1:15:31]} Qc7 {[%clk 1:03:06]} 15. Rc1 {[%clk
1:09:02]} Bf7 {[%clk 1:01:00]} 16. Qe2 {[%clk 1:08:02]} b5 {[%clk 0:49:38]} 17.
Qg4 {[%clk 1:03:57]} Nf8 {[%clk 0:45:06]} 18. f4 {[%clk 0:54:58]} Qd7 {[%clk
0:35:25]} 19. fxe5 {[%clk 0:26:26]} Qxg4 {[%clk 0:30:41]} 20. hxg4 {[%clk
0:26:52]} fxe5 {[%clk 0:24:46]} 21. exd5 {[%clk 0:26:44]} cxd5 {[%clk 0:24:26]}
22. Nf5 {[%clk 0:26:24]} Nxf5 {[%clk 0:23:08]} 23. gxf5 {[%clk 0:26:46]} b4
{[%clk 0:22:44]} 24. axb4 {[%clk 0:21:09]} axb4 {[%clk 0:23:09]} 25. Ra1 {[%clk
0:20:38]} Nd7 {[%clk 0:22:50]} 26. Rxa8 {[%clk 0:04:05]} Rxa8 {[%clk 0:23:16]}
27. Ra1 {[%clk 0:01:21]} Rc8 {[%clk 0:22:39]} 28. Ra7 {[%clk 0:00:46]} Nf6 {[%clk
0:18:53]} 29. Nf3 {[%clk 0:01:15]} e4 {[%clk 0:09:50]} 30. Ng5 {[%clk 0:01:06]}
e3 {[%clk 0:10:09]} 31. Nxf7 {[%clk 0:01:00]} e2 {[%clk 0:10:29]} 32. Ra1 {[%clk
0:01:01]} Kxf7 {[%clk 0:05:39]} 33. Bxf6 {[%clk 0:00:45]} Bxg3 {[%clk 0:05:43]}
34. Bd4 {[%clk 0:00:38]} Rd8 {[%clk 0:04:06]} 35. f6 {[%clk 0:00:31]} gxf6 {[%clk
0:04:05]} 36. Bb6 {[%clk 0:00:52]} Rd7 {[%clk 0:03:38]} 37. Bh3 {[%clk 0:01:00]}
Rb7 {[%clk 0:03:52]} 38. Bc5 {[%clk 0:00:41]} e1Q+ {[%clk 0:03:32]} 39. Rxe1
{[%clk 0:31:08]} Bxe1 {[%clk 0:33:57]} 40. Bf5 {[%clk 0:31:35]} h5 {[%clk
0:32:59]} 41. Kg2 {[%clk 0:31:40]} Rb8 {[%clk 0:31:18]} 42. d4 {[%clk 0:23:13]}
Rg8+ {[%clk 0:30:48]} 43. Kf3 {[%clk 0:23:23]} Rg5 {[%clk 0:30:58]} 44. Bc8
{[%clk 0:23:49]} h4 {[%clk 0:30:29]} 45. Ke2 {[%clk 0:24:16]} Bc3 {[%clk
0:30:39]} 46. Kf2 {[%clk 0:24:30]} f5 {[%clk 0:28:37]} 47. Bb7 {[%clk 0:23:55]}
Ke6 {[%clk 0:28:50]} 48. Bc8+ {[%clk 0:24:21]} Kf6 {[%clk 0:29:09]} 49. Bb7
{[%clk 0:24:43]} Rg4 {[%clk 0:29:00]} 50. Ke2 {[%clk 0:21:10]} h3 {[%clk
0:25:08]} 51. Bxd5 {[%clk 0:19:49]} h2 {[%clk 0:25:22]} 0-1

[Event "Women's Baku Chess Olympiad"]
[Site "chess24.com"]
[Date "2016.09.12"]
[Round "10"]
[White "Fronda, Jan Jodilyn"]
[Black "Brunello, Marina"]
[Result "0-1"]
[Board "2"]
[WhiteID "5204585"]
[WhiteElo "2128"]
[WhiteTitle "WIM"]
[WhiteCountry "PHI"]
[WhiteFideId "5204585"]
[WhiteEloChange "-4"]
[BlackID "822590"]
[BlackElo "2376"]
[BlackTitle "FM"]
[BlackCountry "ITA"]
[BlackFideId "822590"]
[BlackEloChange "4"]

1. d4 {[%clk 1:30:37]} d5 {[%clk 1:30:12]} 2. c4 {[%clk 1:30:20]} e6 {[%clk
1:29:29]} 3. Nf3 {[%clk 1:30:41]} Nf6 {[%clk 1:29:41]} 4. Nc3 {[%clk 1:30:54]} c6
{[%clk 1:30:06]} 5. cxd5 {[%clk 1:29:04]} exd5 {[%clk 1:30:27]} 6. Bg5 {[%clk
1:28:48]} Be7 {[%clk 1:30:46]} 7. Qc2 {[%clk 1:28:17]} O-O {[%clk 1:29:15]} 8. e3
{[%clk 1:25:35]} Nbd7 {[%clk 1:29:41]} 9. Bd3 {[%clk 1:25:42]} Re8 {[%clk
1:29:56]} 10. O-O {[%clk 1:26:00]} Nf8 {[%clk 1:30:22]} 11. Rab1 {[%clk 1:21:32]}
a5 {[%clk 1:26:18]} 12. a3 {[%clk 1:20:31]} h6 {[%clk 1:19:06]} 13. Bh4 {[%clk
1:20:27]} Ne4 {[%clk 1:18:13]} 14. Bxe7 {[%clk 1:19:59]} Qxe7 {[%clk 1:18:27]}
15. Bxe4 {[%clk 1:20:19]} dxe4 {[%clk 1:18:51]} 16. Nd2 {[%clk 1:20:44]} Bf5
{[%clk 1:18:17]} 17. b4 {[%clk 1:18:29]} axb4 {[%clk 1:16:35]} 18. axb4 {[%clk
1:18:50]} Nd7 {[%clk 1:16:39]} 19. Na4 {[%clk 1:13:25]} Qg5 {[%clk 1:09:46]} 20.
Kh1 {[%clk 1:04:22]} Nf6 {[%clk 1:09:26]} 21. Nc3 {[%clk 0:58:03]} Ng4 {[%clk
0:58:34]} 22. h3 {[%clk 0:56:25]} Nf6 {[%clk 0:57:18]} 23. Ne2 {[%clk 0:50:26]}
Nd5 {[%clk 0:54:00]} 24. Nc4 {[%clk 0:48:41]} Re6 {[%clk 0:46:40]} 25. Ng3 {[%clk
0:47:18]} Bh7 {[%clk 0:45:55]} 26. b5 {[%clk 0:38:31]} Rc8 {[%clk 0:37:05]} 27.
Qd2 {[%clk 0:25:00]} Bg6 {[%clk 0:28:43]} 28. Na5 {[%clk 0:24:15]} cxb5 {[%clk
0:20:47]} 29. Rxb5 {[%clk 0:23:57]} b6 {[%clk 0:21:10]} 30. Qa2 {[%clk 0:15:21]}
Rd8 {[%clk 0:13:03]} 31. Nb7 {[%clk 0:07:55]} Rd7 {[%clk 0:13:12]} 32. Ne2 {[%clk
0:08:07]} Re8 {[%clk 0:11:37]} 33. Qc4 {[%clk 0:05:48]} f6 {[%clk 0:03:15]} 34.
Qc6 {[%clk 0:03:43]} Rc7 {[%clk 0:02:22]} 35. Qd6 {[%clk 0:03:32]} Rxb7 {[%clk
0:01:39]} 36. Rxd5 {[%clk 0:03:54]} f5 {[%clk 0:01:45]} 37. Qc6 {[%clk 0:01:34]}
Reb8 {[%clk 0:01:49]} 38. Nf4 {[%clk 0:00:59]} Be8 {[%clk 0:01:51]} 39. Qd6
{[%clk 0:00:59]} b5 {[%clk 0:02:04]} 40. Re5 {[%clk 0:30:48]} b4 {[%clk 0:31:37]}
41. Rb1 {[%clk 0:28:10]} Bf7 {[%clk 0:20:49]} 42. Qc5 {[%clk 0:22:50]} g6 {[%clk
0:20:11]} 43. Qa5 {[%clk 0:12:08]} b3 {[%clk 0:19:11]} 44. Rb2 {[%clk 0:12:26]}
Qd8 {[%clk 0:17:57]} 45. Qc3 {[%clk 0:10:12]} Qd6 {[%clk 0:12:56]} 46. Rc5 {[%clk
0:08:44]} Ra7 {[%clk 0:10:57]} 47. Rc6 {[%clk 0:08:35]} Qb4 {[%clk 0:11:06]} 48.
Rc8+ {[%clk 0:08:06]} Kh7 {[%clk 0:11:09]} 49. d5 {[%clk 0:08:32]} Qxc3 {[%clk
0:09:45]} 50. Rxc3 {[%clk 0:08:58]} Rab7 {[%clk 0:09:33]} 51. Rc5 {[%clk
0:05:11]} Kg7 {[%clk 0:09:08]} 52. Ne2 {[%clk 0:03:01]} Kf6 {[%clk 0:09:15]} 53.
Nd4 {[%clk 0:03:01]} Ke5 {[%clk 0:07:33]} 54. Ra5 {[%clk 0:01:25]} Kd6 {[%clk
0:07:41]} 55. Nc6 {[%clk 0:00:49]} Rc8 {[%clk 0:06:59]} 56. Ra6 {[%clk 0:00:47]}
Kxd5 {[%clk 0:05:30]} 57. Na5 {[%clk 0:00:52]} Rc2 {[%clk 0:01:38]} 58. Rxb3
{[%clk 0:01:05]} Rxb3 {[%clk 0:02:02]} 59. Nxb3 {[%clk 0:01:34]} Rxf2 {[%clk
0:02:24]} 60. Nd4 {[%clk 0:01:40]} f4 {[%clk 0:02:22]} 61. Ra5+ {[%clk 0:01:59]}
Kc4 {[%clk 0:02:35]} 62. Ra4+ {[%clk 0:02:26]} Kd3 {[%clk 0:02:44]} 63. Ra3+
{[%clk 0:02:11]} Kd2 {[%clk 0:03:00]} 64. exf4 {[%clk 0:00:38]} e3 {[%clk
0:03:01]} 65. Ra7 {[%clk 0:00:44]} Rxf4 {[%clk 0:03:07]} 66. Rd7 {[%clk 0:00:38]}
Ke1 {[%clk 0:02:33]} 67. Kg1 {[%clk 0:00:38]} Rf1+ {[%clk 0:01:38]} 68. Kh2
{[%clk 0:01:07]} Bc4 {[%clk 0:01:36]} 69. Kg3 {[%clk 0:01:20]} Rf6 {[%clk
0:01:49]} 70. Nc2+ {[%clk 0:01:29]} Ke2 {[%clk 0:02:04]} 71. Re7 {[%clk 0:01:49]}
Be6 {[%clk 0:00:45]} 72. Nd4+ {[%clk 0:01:26]} Kf1 {[%clk 0:01:02]} 73. Nxe6
{[%clk 0:00:38]} e2 {[%clk 0:01:28]} 74. Nf4 {[%clk 0:00:34]} e1Q+ {[%clk
0:01:52]} 75. Rxe1+ {[%clk 0:01:00]} Kxe1 {[%clk 0:02:20]} 76. h4 {[%clk
0:01:03]} Ra6 {[%clk 0:02:29]} 77. Kf3 {[%clk 0:00:49]} Ra3+ {[%clk 0:02:18]} 78.
Kg4 {[%clk 0:00:32]} Ra6 {[%clk 0:02:43]} 79. Kf3 {[%clk 0:01:00]} Kd2 {[%clk
0:02:50]} 80. Ke4 {[%clk 0:01:06]} Rc6 {[%clk 0:02:31]} 81. Kd4 {[%clk 0:00:36]}
Ke1 {[%clk 0:02:43]} 82. Ke3 {[%clk 0:00:36]} Rc3+ {[%clk 0:02:16]} 83. Nd3+
{[%clk 0:00:31]} Kf1 {[%clk 0:02:09]} 84. g4 {[%clk 0:00:47]} Kg2 {[%clk
0:02:31]} 85. Kd4 {[%clk 0:00:37]} Rxd3+ {[%clk 0:02:49]} 86. Kxd3 {[%clk
0:01:03]} Kg3 {[%clk 0:02:13]} 87. g5 {[%clk 0:01:29]} h5 {[%clk 0:02:37]} 88.
Ke4 {[%clk 0:01:51]} Kxh4 {[%clk 0:02:53]} 89. Kf4 {[%clk 0:02:17]} Kh3 {[%clk
0:03:15]} 90. Ke5 {[%clk 0:02:20]} Kg4 {[%clk 0:03:26]} 91. Kf6 {[%clk 0:02:48]}
h4 {[%clk 0:03:52]} 92. Kxg6 {[%clk 0:03:15]} h3 {[%clk 0:04:20]} 93. Kf6 {[%clk
0:03:09]} h2 {[%clk 0:04:46]} 94. g6 {[%clk 0:03:36]} h1Q {[%clk 0:05:11]} 95. g7
{[%clk 0:03:47]} Qd5 {[%clk 0:05:34]} 96. Kg6 {[%clk 0:03:27]} Qg8 {[%clk
0:05:56]} 97. Kh6 {[%clk 0:03:40]} Kf5 {[%clk 0:06:22]} 0-1

[Event "Women's Baku Chess Olympiad"]
[Site "chess24.com"]
[Date "2016.09.12"]
[Round "10"]
[White "Abdumalik, Zhansaya"]
[Black "Calzetta Ruiz, Monica"]
[Result "1-0"]
[Board "1"]
[WhiteID "13703544"]
[WhiteElo "2389"]
[WhiteTitle "WGM"]
[WhiteCountry "KAZ"]
[WhiteFideId "13703544"]
[WhiteEloChange "6"]
[BlackID "2204185"]
[BlackElo "2249"]
[BlackTitle "WGM"]
[BlackCountry "ESP"]
[BlackFideId "2204185"]
[BlackEloChange "-6"]

1. e4 {[%clk 1:30:46]} e5 {[%clk 1:30:44]} 2. Nf3 {[%clk 1:31:03]} Nc6 {[%clk
1:31:08]} 3. Bb5 {[%clk 1:30:43]} Nge7 {[%clk 1:31:26]} 4. Nc3 {[%clk 1:28:32]}
g6 {[%clk 1:31:46]} 5. d4 {[%clk 1:27:25]} exd4 {[%clk 1:32:09]} 6. Nd5 {[%clk
1:27:04]} Bg7 {[%clk 1:32:34]} 7. Bg5 {[%clk 1:27:11]} h6 {[%clk 1:32:58]} 8. Bf6
{[%clk 1:26:25]} Bxf6 {[%clk 1:33:22]} 9. Nxf6+ {[%clk 1:26:45]} Kf8 {[%clk
1:33:47]} 10. Nxd4 {[%clk 1:24:37]} Nf5 {[%clk 1:29:02]} 11. exf5 {[%clk
1:16:42]} Qxf6 {[%clk 1:29:04]} 12. Bxc6 {[%clk 1:15:53]} dxc6 {[%clk 1:29:08]}
13. fxg6 {[%clk 1:16:16]} Kg7 {[%clk 1:28:55]} 14. gxf7 {[%clk 1:03:00]} Rd8
{[%clk 1:28:37]} 15. f8Q+ {[%clk 1:02:03]} Rxf8 {[%clk 1:28:56]} 16. Nf3 {[%clk
0:58:39]} Re8+ {[%clk 0:40:16]} 17. Kf1 {[%clk 0:58:54]} Bf5 {[%clk 0:34:12]} 18.
h3 {[%clk 0:43:58]} Rad8 {[%clk 0:33:11]} 19. Qc1 {[%clk 0:41:51]} Be4 {[%clk
0:31:58]} 20. Ne1 {[%clk 0:39:04]} Kh7 {[%clk 0:30:43]} 21. a4 {[%clk 0:35:28]}
Rd4 {[%clk 0:09:39]} 22. a5 {[%clk 0:25:35]} Qd6 {[%clk 0:09:30]} 23. c4 {[%clk
0:16:14]} Rd2 {[%clk 0:08:20]} 24. Qc3 {[%clk 0:14:39]} Bg6 {[%clk 0:06:20]} 25.
Kg1 {[%clk 0:08:03]} Ree2 {[%clk 0:06:22]} 26. c5 {[%clk 0:06:34]} Qf4 {[%clk
0:05:21]} 27. Nf3 {[%clk 0:05:34]} Rd3 {[%clk 0:04:20]} 28. Qc1 {[%clk 0:05:56]}
Qf6 {[%clk 0:04:03]} 29. h4 {[%clk 0:05:10]} Rxb2 {[%clk 0:03:22]} 30. Rh3 {[%clk
0:04:42]} Rdb3 {[%clk 0:03:33]} 31. Kh2 {[%clk 0:02:59]} Rb4 {[%clk 0:03:13]} 32.
Qe1 {[%clk 0:02:11]} Qf4+ {[%clk 0:03:06]} 33. Rg3 {[%clk 0:02:32]} Qe4 {[%clk
0:01:33]} 34. Qc3 {[%clk 0:01:45]} R4b3 {[%clk 0:01:30]} 35. Qf6 {[%clk 0:01:56]}
Rxf3 {[%clk 0:00:44]} 36. gxf3 {[%clk 0:00:35]} Rxf2+ {[%clk 0:01:09]} 37. Kg1
{[%clk 0:01:02]} Qc2 {[%clk 0:00:36]} 38. Qxg6+ {[%clk 0:01:25]} 1-0

[Event "Women's Baku Chess Olympiad"]
[Site "chess24.com"]
[Date "2016.09.12"]
[Round "10"]
[White "Botez, Alexandra"]
[Black "Shibata, Misaki"]
[Result "1-0"]
[Board "3"]
[WhiteID "2603365"]
[WhiteElo "2092"]
[WhiteTitle "WFM"]
[WhiteCountry "CAN"]
[WhiteFideId "2603365"]
[WhiteEloChange "2"]
[BlackID "7001134"]
[BlackElo "1638"]
[BlackCountry "JPN"]
[BlackFideId "7001134"]
[BlackEloChange "-2"]

1. d4 {[%clk 1:30:58]} d5 {[%clk 1:30:56]} 2. c4 {[%clk 1:31:20]} e6 {[%clk
1:31:23]} 3. Nf3 {[%clk 1:31:42]} Nf6 {[%clk 1:31:46]} 4. Nc3 {[%clk 1:32:06]}
Be7 {[%clk 1:31:42]} 5. e3 {[%clk 1:32:07]} O-O {[%clk 1:31:45]} 6. Be2 {[%clk
1:32:02]} b6 {[%clk 1:30:46]} 7. O-O {[%clk 1:32:12]} Bb7 {[%clk 1:30:44]} 8.
cxd5 {[%clk 1:25:37]} exd5 {[%clk 1:29:19]} 9. Ne5 {[%clk 1:25:44]} c5 {[%clk
1:23:30]} 10. f4 {[%clk 1:24:05]} Nbd7 {[%clk 1:21:04]} 11. Bf3 {[%clk 1:23:10]}
Re8 {[%clk 0:54:13]} 12. Qc2 {[%clk 1:16:17]} a6 {[%clk 0:47:45]} 13. g4 {[%clk
1:15:56]} Nf8 {[%clk 0:39:26]} 14. g5 {[%clk 1:14:14]} N6d7 {[%clk 0:35:13]} 15.
Bxd5 {[%clk 1:01:57]} Bxd5 {[%clk 0:34:48]} 16. Nxd5 {[%clk 1:02:11]} Nxe5 {[%clk
0:22:27]} 17. Nxe7+ {[%clk 1:02:34]} Qxe7 {[%clk 0:22:38]} 18. dxe5 {[%clk
1:02:59]} Red8 {[%clk 0:21:11]} 19. Bd2 {[%clk 1:02:42]} Ng6 {[%clk 0:20:11]} 20.
Bc3 {[%clk 1:02:31]} c4 {[%clk 0:17:53]} 21. Bd4 {[%clk 1:02:30]} b5 {[%clk
0:17:21]} 22. Rf2 {[%clk 1:02:36]} Rac8 {[%clk 0:15:05]} 23. Qe4 {[%clk 0:58:17]}
Qd7 {[%clk 0:11:06]} 24. f5 {[%clk 0:58:13]} Nf8 {[%clk 0:09:51]} 25. Raf1 {[%clk
0:56:42]} Rc6 {[%clk 0:07:17]} 26. Rf3 {[%clk 0:55:14]} b4 {[%clk 0:06:11]} 27.
Qh4 {[%clk 0:52:33]} c3 {[%clk 0:04:04]} 28. bxc3 {[%clk 0:52:45]} bxc3 {[%clk
0:04:29]} 29. Rc1 {[%clk 0:50:00]} c2 {[%clk 0:04:33]} 30. Qe4 {[%clk 0:49:48]}
Rdc8 {[%clk 0:04:10]} 31. f6 {[%clk 0:45:34]} Ne6 {[%clk 0:02:34]} 32. Qf5 {[%clk
0:38:47]} Qd8 {[%clk 0:01:57]} 33. Rh3 {[%clk 0:14:33]} g6 {[%clk 0:01:06]} 34.
Qg4 {[%clk 0:13:42]} Qc7 {[%clk 0:00:32]} 35. Rh6 {[%clk 0:10:11]} Nf8 {[%clk
0:00:48]} 36. Qh4 {[%clk 0:10:06]} Qd8 {[%clk 0:01:08]} 37. Kg2 {[%clk 0:04:43]}
Rb8 {[%clk 0:00:55]} 38. Qe4 {[%clk 0:04:08]} Rbc8 {[%clk 0:01:13]} 39. Rh3
{[%clk 0:03:22]} Qa5 {[%clk 0:00:54]} 40. Qd3 {[%clk 0:31:01]} Qxa2 {[%clk
0:30:43]} 41. Rf3 {[%clk 0:22:53]} Ne6 {[%clk 0:28:01]} 42. h4 {[%clk 0:22:06]}
Qc4 {[%clk 0:25:26]} 43. Qe4 {[%clk 0:14:43]} a5 {[%clk 0:20:47]} 44. Rf2 {[%clk
0:13:43]} Qa4 {[%clk 0:19:58]} 45. h5 {[%clk 0:09:25]} Rc4 {[%clk 0:14:16]} 46.
hxg6 {[%clk 0:08:52]} Qc6 {[%clk 0:09:13]} 47. gxf7+ {[%clk 0:08:36]} Kxf7 {[%clk
0:09:27]} 48. Qxc6 {[%clk 0:08:32]} R4xc6 {[%clk 0:09:28]} 49. Kf3 {[%clk
0:06:50]} Nxg5+ {[%clk 0:08:56]} 50. Ke2 {[%clk 0:06:59]} h5 {[%clk 0:06:22]} 51.
Rh2 {[%clk 0:04:36]} Kg6 {[%clk 0:05:40]} 52. Kd3 {[%clk 0:04:41]} a4 {[%clk
0:05:09]} 53. e4 {[%clk 0:01:42]} Ne6 {[%clk 0:02:16]} 54. Rg2+ {[%clk 0:02:05]}
Kf7 {[%clk 0:02:13]} 55. Be3 {[%clk 0:01:56]} a3 {[%clk 0:02:15]} 56. Rgg1 {[%clk
0:01:53]} a2 {[%clk 0:01:59]} 57. Ra1 {[%clk 0:01:27]} Rc3+ {[%clk 0:01:59]} 58.
Ke2 {[%clk 0:01:08]} c1Q {[%clk 0:02:10]} 59. Rgxc1 {[%clk 0:00:54]} Rxc1 {[%clk
0:02:30]} 60. Bxc1 {[%clk 0:01:12]} Rc2+ {[%clk 0:01:45]} 61. Kd3 {[%clk
0:00:50]} Rg2 {[%clk 0:01:46]} 62. Bd2 {[%clk 0:00:45]} Nc5+ {[%clk 0:00:53]} 63.
Kc4 {[%clk 0:00:32]} Nxe4 {[%clk 0:00:58]} 64. Be3 {[%clk 0:00:41]} h4 {[%clk
0:00:48]} 65. Kd5 {[%clk 0:00:56]} Nc3+ {[%clk 0:00:34]} 66. Kd6 {[%clk 0:00:41]}
Ne4+ {[%clk 0:00:45]} 67. Kd5 {[%clk 0:00:45]} Nc3+ {[%clk 0:00:39]} 68. Kd4
{[%clk 0:00:34]} Ne2+ {[%clk 0:00:39]} 69. Ke4 {[%clk 0:00:47]} Nc3+ {[%clk
0:00:42]} 70. Kf5 {[%clk 0:00:59]} Nd5 {[%clk 0:00:49]} 71. e6+ {[%clk 0:01:20]}
Kf8 {[%clk 0:00:37]} 72. Bc5+ {[%clk 0:01:33]} 1-0

[Event "Women's Baku Chess Olympiad"]
[Site "chess24.com"]
[Date "2016.09.12"]
[Round "10"]
[White "Smith, Olivia"]
[Black "Dolzhikova, Olga"]
[Result "0-1"]
[Board "1"]
[WhiteID "411850"]
[WhiteElo "2002"]
[WhiteTitle "WFM"]
[WhiteCountry "WLS"]
[WhiteFideId "411850"]
[WhiteEloChange "-6"]
[BlackID "14105870"]
[BlackElo "2167"]
[BlackTitle "WGM"]
[BlackCountry "NOR"]
[BlackFideId "14105870"]
[BlackEloChange "6"]

1. e4 {[%clk 1:30:58]} d5 {[%clk 1:30:54]} 2. exd5 {[%clk 1:30:26]} Qxd5 {[%clk
1:31:20]} 3. Nc3 {[%clk 1:30:40]} Qa5 {[%clk 1:31:47]} 4. d4 {[%clk 1:30:15]} Nf6
{[%clk 1:31:27]} 5. Nf3 {[%clk 1:28:45]} Bf5 {[%clk 1:30:36]} 6. Bc4 {[%clk
1:27:05]} e6 {[%clk 1:30:09]} 7. Bd2 {[%clk 1:26:19]} c6 {[%clk 1:30:09]} 8. O-O
{[%clk 1:14:10]} Qc7 {[%clk 1:11:11]} 9. Ne5 {[%clk 1:04:58]} Nbd7 {[%clk
1:09:05]} 10. Bf4 {[%clk 0:59:23]} Nxe5 {[%clk 1:03:56]} 11. dxe5 {[%clk
0:57:24]} Nd5 {[%clk 0:59:54]} 12. Nxd5 {[%clk 0:56:46]} exd5 {[%clk 1:00:05]}
13. Bd3 {[%clk 0:55:13]} Qd7 {[%clk 0:54:55]} 14. c4 {[%clk 0:51:23]} Be6 {[%clk
0:42:51]} 15. cxd5 {[%clk 0:47:52]} Qxd5 {[%clk 0:40:38]} 16. Qe2 {[%clk
0:46:31]} Qd4 {[%clk 0:36:06]} 17. Bg3 {[%clk 0:46:01]} Rd8 {[%clk 0:34:49]} 18.
Bc2 {[%clk 0:40:17]} Bg4 {[%clk 0:19:34]} 19. Qe4 {[%clk 0:38:05]} Qxe4 {[%clk
0:19:56]} 20. Bxe4 {[%clk 0:38:30]} Rd2 {[%clk 0:20:06]} 21. f3 {[%clk 0:35:56]}
Bc5+ {[%clk 0:19:53]} 22. Bf2 {[%clk 0:35:39]} Rxf2 {[%clk 0:18:12]} 23. Rxf2
{[%clk 0:35:55]} Be6 {[%clk 0:18:22]} 24. b4 {[%clk 0:28:06]} Bxf2+ {[%clk
0:17:57]} 25. Kxf2 {[%clk 0:28:31]} Kd7 {[%clk 0:17:31]} 26. Rd1+ {[%clk
0:26:56]} Kc7 {[%clk 0:17:30]} 27. a3 {[%clk 0:27:15]} a5 {[%clk 0:16:20]} 28. f4
{[%clk 0:24:27]} g6 {[%clk 0:16:19]} 29. h3 {[%clk 0:23:04]} axb4 {[%clk
0:09:29]} 30. axb4 {[%clk 0:23:28]} Ra8 {[%clk 0:09:43]} 31. g4 {[%clk 0:20:44]}
Ra4 {[%clk 0:08:49]} 32. f5 {[%clk 0:19:47]} Bc4 {[%clk 0:07:11]} 33. Rb1 {[%clk
0:12:17]} Ra3 {[%clk 0:06:51]} 34. Bf3 {[%clk 0:11:37]} gxf5 {[%clk 0:05:17]} 35.
gxf5 {[%clk 0:11:03]} Bd3 {[%clk 0:04:34]} 36. Rg1 {[%clk 0:11:13]} Bxf5 {[%clk
0:02:21]} 37. Rg7 {[%clk 0:11:36]} Be6 {[%clk 0:01:51]} 38. Bg4 {[%clk 0:09:31]}
Kb6 {[%clk 0:00:58]} 39. Bxe6 {[%clk 0:08:32]} fxe6 {[%clk 0:01:27]} 40. Rxh7
{[%clk 0:38:54]} Rb3 {[%clk 0:30:53]} 41. Rh6 {[%clk 0:33:06]} Rxb4 {[%clk
0:28:11]} 42. Rxe6 {[%clk 0:33:27]} Kc5 {[%clk 0:28:13]} 43. Re8 {[%clk 0:32:46]}
Kd5 {[%clk 0:26:12]} 44. Kf3 {[%clk 0:32:41]} Rh4 {[%clk 0:24:01]} 45. Kg3 {[%clk
0:32:33]} Re4 {[%clk 0:24:08]} 46. h4 {[%clk 0:26:35]} Rxe5 {[%clk 0:23:56]} 47.
Rd8+ {[%clk 0:25:51]} Kc4 {[%clk 0:17:19]} 48. Kf4 {[%clk 0:26:04]} Re1 {[%clk
0:09:41]} 49. h5 {[%clk 0:26:13]} Rh1 {[%clk 0:09:55]} 50. Kg5 {[%clk 0:26:35]}
b5 {[%clk 0:10:12]} 51. h6 {[%clk 0:26:55]} b4 {[%clk 0:10:27]} 52. Kg6 {[%clk
0:25:34]} b3 {[%clk 0:09:51]} 53. Rb8 {[%clk 0:25:50]} c5 {[%clk 0:05:53]} 54. h7
{[%clk 0:26:00]} Kc3 {[%clk 0:04:20]} 55. h8Q+ {[%clk 0:26:19]} Rxh8 {[%clk
0:04:44]} 56. Rxh8 {[%clk 0:26:26]} c4 {[%clk 0:03:41]} 57. Kf5 {[%clk 0:26:03]}
Kb2 {[%clk 0:01:30]} 58. Ke4 {[%clk 0:24:25]} c3 {[%clk 0:01:01]} 59. Kd3 {[%clk
0:12:41]} c2 {[%clk 0:01:21]} 60. Rh2 {[%clk 0:11:33]} Kb1 {[%clk 0:01:19]} 61.
Kc3 {[%clk 0:11:17]} c1Q+ {[%clk 0:01:35]} 62. Kxb3 {[%clk 0:11:41]} Qe3+ {[%clk
0:01:58]} 63. Kc4 {[%clk 0:11:56]} Qf4+ {[%clk 0:00:00]} 0-1

[Event "Women's Baku Chess Olympiad"]
[Site "chess24.com"]
[Date "2016.09.12"]
[Round "10"]
[White "Mendieta, Kathya"]
[Black "Diaz Cesar, Wilsaida Pieranlly"]
[Result "1-0"]
[Board "1"]
[WhiteID "6101496"]
[WhiteElo "1943"]
[WhiteTitle "WFM"]
[WhiteCountry "NCA"]
[WhiteFideId "6101496"]
[WhiteEloChange "8"]
[BlackID "6403557"]
[BlackElo "1889"]
[BlackTitle "WFM"]
[BlackCountry "DOM"]
[BlackFideId "6403557"]
[BlackEloChange "-8"]

1. e4 {[%clk 1:30:46]} c5 {[%clk 1:30:46]} 2. Nc3 {[%clk 1:30:25]} a6 {[%clk
1:30:38]} 3. f4 {[%clk 1:30:19]} b5 {[%clk 1:30:00]} 4. Nf3 {[%clk 1:29:49]} Bb7
{[%clk 1:29:42]} 5. d3 {[%clk 1:29:51]} e6 {[%clk 1:27:07]} 6. g3 {[%clk
1:23:14]} d5 {[%clk 1:23:17]} 7. exd5 {[%clk 1:16:11]} exd5 {[%clk 1:22:43]} 8.
Qe2+ {[%clk 1:16:25]} Be7 {[%clk 1:20:04]} 9. Bg2 {[%clk 1:16:06]} Nf6 {[%clk
1:20:01]} 10. O-O {[%clk 1:16:21]} d4 {[%clk 1:17:24]} 11. Ne4 {[%clk 1:07:51]}
Nxe4 {[%clk 1:17:39]} 12. dxe4 {[%clk 1:08:20]} Nc6 {[%clk 1:17:19]} 13. f5
{[%clk 1:05:51]} Qb6 {[%clk 1:14:16]} 14. Kh1 {[%clk 1:02:01]} f6 {[%clk
1:10:34]} 15. Bf4 {[%clk 0:57:43]} O-O {[%clk 1:08:04]} 16. Nh4 {[%clk 0:56:41]}
Qd8 {[%clk 1:06:34]} 17. Qh5 {[%clk 0:56:12]} Qe8 {[%clk 1:06:46]} 18. Ng6 {[%clk
0:49:03]} Ne5 {[%clk 1:04:12]} 19. Bxe5 {[%clk 0:48:44]} fxe5 {[%clk 1:04:32]}
20. Nxe7+ {[%clk 0:48:16]} Qxe7 {[%clk 1:04:54]} 21. g4 {[%clk 0:48:34]} h6
{[%clk 1:02:56]} 22. Qh3 {[%clk 0:44:42]} c4 {[%clk 1:01:04]} 23. Qg3 {[%clk
0:44:27]} Rad8 {[%clk 0:51:54]} 24. Rad1 {[%clk 0:43:49]} Rd6 {[%clk 0:51:01]}
25. h4 {[%clk 0:44:05]} Rfd8 {[%clk 0:51:11]} 26. g5 {[%clk 0:43:09]} hxg5 {[%clk
0:50:26]} 27. hxg5 {[%clk 0:43:25]} d3 {[%clk 0:50:04]} 28. f6 {[%clk 0:40:46]}
Qe6 {[%clk 0:49:13]} 29. f7+ {[%clk 0:41:03]} Kf8 {[%clk 0:49:19]} 30. Qh4 {[%clk
0:41:04]} Qc8 {[%clk 0:43:51]} 31. Qh8+ {[%clk 0:38:46]} Ke7 {[%clk 0:44:17]} 32.
f8Q+ {[%clk 0:38:29]} Rxf8 {[%clk 0:43:47]} 33. Qxg7+ {[%clk 0:38:49]} Ke6 {[%clk
0:41:10]} 34. Bh3+ {[%clk 0:38:54]} 1-0